00597nam a2200193Ii 450000100060000000300090000600800410001502000150005604000330007104100080010408200210011210000210013324501020015426400540025630000120031033600260032233700280034833800270037615142CO-ViMGA241108s9999||||xx |||||||||||||| ||und|| a9580470251 aCO-ViMGAbspaerdacCO-ViMGA0 aspa04a658.0097321 P37e1 aThomas J. Peters10aEn busca de la excelencia :bexperiencias de las empresas mejor gerenciadas de los Estados Unidos 1aBogotá, Colombia : Grupo Editorial Norma., 2002 avolumen atextbtxt2rdacontent aunmediatedbn2rdamedia avolumebnc2rdacarrier